NPB 背番号変更した選手サドンデス - Statistics

General Stats
  • This quiz has been taken 121 times
  • The average score is 6 of 14
Answers on the Grid
Answers color-coded by a green-red scale on the quiz's grid according to % correct below.
髙橋光成
栗山巧
佐野恵太
北山亘基
大城卓三
坂本勇人
床田寛樹
高橋周平
大関友久
今宮健太
柳田悠岐
中村奨吾
辰己涼介
山下舜平大
伊藤将司
辛島航
宮﨑敏郎
大貫晋一
塩見泰隆
柳町達
清宮幸太郎
松本裕樹
万波中正
杉本裕太郎
中村剛也
渡邉勇太朗
大野雄大
 
Answer Stats
Answer % Correct
柳田悠岐
68%
佐野恵太
63%
北山亘基
63%
坂本勇人
53%
栗山巧
49%
今宮健太
43%
大城卓三
41%
床田寛樹
38%
高橋周平
35%
中村奨吾
34%
大関友久
32%
髙橋光成
29%
辰己涼介
29%
山下舜平大
29%
No matching quizzes found
Score Distribution
Percent of People with Each Score
Percentile by Number Answered
Your Score History
You have not taken this quiz